000 01043nas a2200277 4500
001 BR8401685
003 BR-BrBNA
005 20231205085848.0
007 ta
008 230509b bl.|||p| |||| 00| 00por d
040 _aBR-BrBNA
_bpor
_cBiblioteca Nacional de Agricultura
041 _a(Pt)
072 _aL36
100 1 _aCastro, J.C.
100 1 _aSilva, D.J. da
100 1 _aRostagno, H.S.
100 1 _aTafuri, M.L.
245 1 _aValores de triptofano aparentemente metabolizavel e metionina aparentemente metabolizavel de sete ingredientes utilizados em racoes de aves
_bParte de tese
246 1 _a[Values of tryptophan apparently metabolizeble and methionine apparently metabolizeble of seven ingredients utilized in poultry rations]
_b[Part of thesis]
650 _aAVE DOMESTICA
650 _aRACAO
650 _aMETIONINA
773 0 _tRevista da Sociedade Brasileira de Zootecnia (Brazil)
_xISSN 0100-4859
_g(1983), v. 12(3) p. 490-499
_wBR8401685
909 _a202311
_bLúcia
_c55
_dLúcia Elande
942 _2AGRIS
_n0
_cANA
999 _c114357
_d114357